00831nam a2200241 a 450000100060000000300090000600500170001500800410003201500210007302000180009404000280011204100130014008200170015310000310017024501640020125000160036526000430038130000210042449000240044550400400046965000530050970000270056225492CO-ViMGA20230915232100.0141112s2004 ck r 000 u spa d ack - 2012 - xxxx a9789587584677 aCO-ViMGAbspacCO-ViMGA aspa eng04a339.46 B15r1 aBanerjee, Abhijit Vinayak.10aRepensar la pobreza : bun giro radical en la lucha contra la desigualda global / cAbhijit V. Banerjee y Esther Duflo ; traducción de F. Javier Mato Díaz. a1a. reimpr. aBogotá : bEditorial Taurus, c2012. a372 p. ; 24 cm. aTaurus. Pensamiento aIncluye bibliografías e índice.14aAsistencia económica - Países en desarrollo.1 aDuflo, Esther, 1972 -